000 00419nam a2200181Ia 4500
008 240510s9999 xx 000 0 und d
020 _a9789551822231
041 _asih
082 _a891.483
082 _bG56
100 _aGORKI, Makshim : Translator : Weerasinghe, Senarathna
245 0 _aAmma
260 _bColombo ; Fast Publishing
260 _c2008
300 _a449 p.
942 _2ddc
942 _cLBK
999 _c28260
_d28260
945 _a1
_bMadushi Gamage
_c1
_dMadushi Gamage